[Event "ESP-chT Regional U16"]
[Site "Gijon"]
[Date "2021.06.17"]
[Round "2.2"]
[White "Ruiz Buendia, Miguel"]
[Black "Lorente Melcon, Nicolas"]
[Result "1-0"]
[WhiteElo "2130"]
[BlackElo "1681"]
[PlyCount "81"]
[EventDate "2021.06.17"]
[EventType "team-swiss"]
[EventRounds "6"]
[EventCountry "ESP"]
[SourceTitle "EXT 2022"]
[Source "ChessBase"]
[SourceDate "2021.10.06"]
[SourceVersion "1"]
[SourceVersionDate "2021.10.06"]
[SourceQuality "1"]
[WhiteTeam "Madrid U16"]
[BlackTeam "Aragon U16"]
[WhiteTeamCountry "ESP"]
[BlackTeamCountry "ESP"]

1. e4 c5 2. Nf3 g6 3. c3 d5 4. e5 Bg7 5. d4 cxd4 6. cxd4 Nc6 7. Bb5 Bg4 8. Bxc6+ bxc6 9. Nbd2 Nh6 10. 0-0 0-0 11. h3 Bxf3 12. Nxf3 e6 13. Bg5 Qd7 14. Qc1 Nf5 15. g4 Ne7 16. Qf4 Rab8 17. b3 Rb4 18. Rac1 a5 19. Rc3 a4 20. Rfc1 axb3 21. axb3 Rfb8 22. Nd2 Qa7 23. Bxe7 Qxe7 24. Rxc6 Rf8 25. Rc7 Qh4 26. Rc8 Rb8 27. Rxb8 Rxb8 28. Rc7 Rf8 29. Nf3 Qd8 30. Qc1 Qb8 31. Qc3 Qb6 32. b4 h6 33. Qc5 Rb8 34. Rc8+ Kh7 35. Rxb8 Qxb8 36. b5 Bf8 37. Qc6 Be7 38. b6 Bd8 39. b7 Kg7 40. Nd2 Kf8 41. Qd6+ 1-0